Statistics for Countries to score 0 points in the Eurovision Song Contest

Click here to take the quiz!

General Stats

  • This quiz has been taken 1,625 times
  • The average score is 15 of 19

Answer Stats

Year(s)Most Recent ArtistCountry% Correct
2003, 2021James NewmanUnited Kingdom
95%
1964, 1965, 2015Ann SophieGermany
94%
1962, 1965, 1983Remedios AmayaSpain
91%
1963, 1978, 1981, 1997Tor EndresenNorway
91%
1963Monica ZetterlundSweden
88%
1962, 1988, 1991, 2015The MakemakesAustria
87%
1963, 1965, 1982KojoFinland
85%
1966Domenico ModugnoItaly
82%
1964, 1997Célia LawsonPortugal
82%
1962, 1963Annie PalmenNetherlands
80%
1962, 1965Lize MarkeBelgium
80%
1964, 1967, 1998, 2004Piero Esteriore & The MusicStarsSwitzerland
79%
1970David Alexandre WinterLuxembourg
75%
1989Daníel ÁgústIceland
75%
1983, 1987Seyyal Taner and Grup LocomotifTurkey
71%
1964Sabahudin KurtYugoslavia
68%
2009Gypsy.czCzech Republic
67%
1966Tereza KesovijaMonaco
66%
1994Ovidijus VyšniauskasLithuania
63%

Score Distribution

Percentile by Number Answered

Percent of People with Each Score

Your Score History

You have not taken this quiz